Vplyv parametrov depozície na vybrané vlastnosti povlaku Ti-Si-C-N

Gespeichert in:
Bibliographische Detailangaben
1. Verfasser: Benkovský, Ľuboš (Verfasst von)
Weitere Verfasser: Sahul, Martin (Betreuung Doktorarbeit)
Format: Manuskript Buch
Sprache:Slowakisch
Veröffentlicht: 2017
Schlagworte:
Online-Zugang:http://is.stuba.sk/zp/portal_zp.pl?podrobnosti=126192
Tags: Tag hinzufügen
Keine Tags, Fügen Sie das erste Tag hinzu!

MARC

LEADER 00000ntm a22000003a 4500
001 stuzp63266
003 SK-STU
005 20170610210755.8
007 ta
008 150427s2015----xo-----f-mn---000-0-slo-d
040 |a STU  |b slo 
041 0 |a slo 
100 1 |a Benkovský, Ľuboš  |u 061000  |k Z4  |4 aut  |U MTF Materiálovotechnologická fakulta  |T MTF Ústav materiálov  |X 46789  |U M1000  |Y 81  |7 46789 
242 0 1 |a The effect of deposition parameters on the selected properties of the coating TiSiCN  |y eng 
245 1 0 |a Vplyv parametrov depozície na vybrané vlastnosti povlaku Ti-Si-C-N 
260 |c 2017 
650 4 |a TiSiCN  |2 slo 
650 4 |a TMS  |2 slo 
650 4 |a povlakovanie  |2 slo 
650 4 |a LARC®  |2 slo 
650 4 |a WC-Co  |2 slo 
650 4 |a TiSiCN  |2 eng 
650 4 |a TMS  |2 eng 
650 4 |a coating  |2 eng 
650 4 |a LARC®  |2 eng 
650 4 |a WC-Co  |2 eng 
700 1 |a Sahul, Martin  |u 061000  |k Z2  |4 ths  |U MTF Materiálovotechnologická fakulta  |T MTF Ústav materiálov  |X 30350  |U M1000  |Y 81  |7 A000030350 
856 4 |u http://is.stuba.sk/zp/portal_zp.pl?podrobnosti=126192 
996 |c M* DP-13405  |l MMSKP  |s P  |a 0  |w stuzp63266_0001